<?xml version="1.0" encoding="UTF-8"?>
<collection xmlns="http://www.loc.gov/MARC21/slim">
 <record>
  <leader>01766nam a22002177a 4500</leader>
  <controlfield tag="001">NCT_150235</controlfield>
  <controlfield tag="008">230531b        xxu||||| |||| 00| 0 vie d</controlfield>
  <datafield tag="999" ind1=" " ind2=" ">
   <subfield code="c">7758</subfield>
   <subfield code="d">7758</subfield>
  </datafield>
  <datafield tag="082" ind1="0" ind2="4">
   <subfield code="2">23rd ed.</subfield>
   <subfield code="a">678.63</subfield>
   <subfield code="b">Tr300</subfield>
  </datafield>
  <datafield tag="100" ind1="1" ind2="0">
   <subfield code="a">Nguyễn Hữu Trí </subfield>
  </datafield>
  <datafield tag="245" ind1="1" ind2="0">
   <subfield code="a">Khoa học kỹ thuật công nghệ cao su thiên nhiên </subfield>
   <subfield code="c">Nguyễn Hữu Trí </subfield>
  </datafield>
  <datafield tag="250" ind1=" " ind2=" ">
   <subfield code="a">Bản in lần thứ 3 có sữa chữa, bổ sung</subfield>
  </datafield>
  <datafield tag="260" ind1=" " ind2=" ">
   <subfield code="a">Thành phố Hồ Chí Minh </subfield>
   <subfield code="b">Trẻ </subfield>
   <subfield code="c">2001</subfield>
  </datafield>
  <datafield tag="300" ind1=" " ind2=" ">
   <subfield code="a">491 tr. </subfield>
   <subfield code="c">24cm </subfield>
  </datafield>
  <datafield tag="520" ind1="3" ind2=" ">
   <subfield code="a">Tập sách &quot;Khoa học kỹ thuật Công nghệ cao su thiên nhiên&quot; được biên soạn hết sức công phu và nghiêm túc dựa trên nghiên cứu, tham khảo và quá trình kinh nghiệm sản xuất. Sách gồm 18 chương, cuốn sách nêu khái quát về lịch sử phát hiện và phát triển cây cao su, các họ cây cao su, những kinh nghiệm trồng và chǎm sóc cây cao su v.v... .Sách cũng mang đến cho người đọc phổ thông những kiến thức hữu ích về sản phẩm mà mình đang sử dụng.</subfield>
  </datafield>
  <datafield tag="653" ind1=" " ind2=" ">
   <subfield code="a">Quản lý Tài nguyên &amp; Môi trường</subfield>
  </datafield>
  <datafield tag="942" ind1=" " ind2=" ">
   <subfield code="2">ddc</subfield>
   <subfield code="c">BK</subfield>
  </datafield>
  <datafield tag="952" ind1=" " ind2=" ">
   <subfield code="0">0</subfield>
   <subfield code="1">0</subfield>
   <subfield code="2">ddc</subfield>
   <subfield code="4">0</subfield>
   <subfield code="6">678_630000000000000_TR300</subfield>
   <subfield code="7">0</subfield>
   <subfield code="9">27740</subfield>
   <subfield code="a">000001</subfield>
   <subfield code="b">000001</subfield>
   <subfield code="d">2023-05-31</subfield>
   <subfield code="o">678.63 Tr300</subfield>
   <subfield code="p">MD.21833</subfield>
   <subfield code="r">2023-05-31</subfield>
   <subfield code="w">2023-05-31</subfield>
   <subfield code="y">BK</subfield>
  </datafield>
  <datafield tag="952" ind1=" " ind2=" ">
   <subfield code="0">0</subfield>
   <subfield code="1">0</subfield>
   <subfield code="2">ddc</subfield>
   <subfield code="4">0</subfield>
   <subfield code="6">678_630000000000000_TR300</subfield>
   <subfield code="7">0</subfield>
   <subfield code="9">27741</subfield>
   <subfield code="a">000001</subfield>
   <subfield code="b">000001</subfield>
   <subfield code="d">2023-05-31</subfield>
   <subfield code="o">678.63 Tr300</subfield>
   <subfield code="p">MD.21834</subfield>
   <subfield code="r">2023-05-31</subfield>
   <subfield code="w">2023-05-31</subfield>
   <subfield code="y">BK</subfield>
  </datafield>
  <datafield tag="952" ind1=" " ind2=" ">
   <subfield code="0">0</subfield>
   <subfield code="1">0</subfield>
   <subfield code="2">ddc</subfield>
   <subfield code="4">0</subfield>
   <subfield code="6">678_630000000000000_TR300</subfield>
   <subfield code="7">0</subfield>
   <subfield code="9">27742</subfield>
   <subfield code="a">000001</subfield>
   <subfield code="b">000001</subfield>
   <subfield code="d">2023-05-31</subfield>
   <subfield code="o">678.63 Tr300</subfield>
   <subfield code="p">MD.21835</subfield>
   <subfield code="r">2023-05-31</subfield>
   <subfield code="w">2023-05-31</subfield>
   <subfield code="y">BK</subfield>
  </datafield>
  <datafield tag="980" ind1=" " ind2=" ">
   <subfield code="a">Thư viện Trường Đại học Nam Cần Thơ</subfield>
  </datafield>
 </record>
</collection>
